| 000 | 00439 a2200169 4500 | ||
|---|---|---|---|
| 003 | OSt | ||
| 005 | 20231122160643.0 | ||
| 008 | 231122b |||||||| |||| 00| 0 eng d | ||
| 020 | _a9789387394834 | ||
| 040 | _coclc | ||
| 082 |
_a540 _bKHA/I |
||
| 245 | _a IIT JAM Chemistry / | ||
| 250 | _a2nd ed. | ||
| 260 |
_aDelhi: _bKhanna Publishers, _c2020. |
||
| 300 | _a522p | ||
| 942 |
_2ddc _cBK _h540 _iKHA/I _k540 _mKHA/I |
||
| 999 |
_c41856 _d41856 |
||